| 000 | 02651cam a2200337 i 4500 | ||
|---|---|---|---|
| 003 | OSt | ||
| 005 | 20250321131237.0 | ||
| 008 | 250321s2001 su g 00000dara c | ||
| 024 | 0 | _a00000000965579 | |
| 040 |
_aSA-RiAUC _bara _cSA-RiAUC _dAE-DuMBRL _erda |
||
| 050 | 4 | _b.N37 2001 | |
| 082 | 0 | 4 |
_a258.1 _qSA-RiAUC |
| 090 |
_a258.1 _b ن ق ي |
||
| 100 | 1 |
_aالنقيب، أحمد بن محمد نصير الدين _eمؤلف. |
|
| 245 | 1 | 2 |
_aالمذهب الحنفي : _bمراحله وطبقاته-ضوابطه ومصطلحاته-خصائصه ومؤلفاته / _cتأليف أحمد بن محمد نصير الدين النقيب. |
| 250 | _aالطبعة الأولى. | ||
| 264 | 1 |
_aالرياض : _bمكتبة الرشد، _c2001. |
|
| 300 |
_a2 مجلد ؛ _c24 × 17 سم. |
||
| 336 |
_aنص _btxt _2rdacontent _3كتاب |
||
| 337 |
_aبدون وسيط _bn _2rdamedia |
||
| 338 |
_aمجلد _bnc _2rdacarrier |
||
| 490 | 1 |
_aسلسلة رسائل جامعية / وزارة الثقافة والإعلام ،العراق، دار الشؤون الثقافية العامة ؛ _v90 |
|
| 505 | 0 | _aالمحتويات : مجلد 1. معارف أساسية عن المذهب-مجلد 2. مؤلفات علماء المذهب. | |
| 520 | _aيتناول كتاب (المذهب الحنفي) والذي قام بتأليفه أحمد بن محمد نصير الدين النقيب، موضوع (المذهب الحنفي) الكتاب يستعرض المذهب الحنفي فهو أحد المذاهب الأربعة المتبوعة وأولهم، وكان منهج الإمام أبو حنيفة الأخذ بالرأي، فليس المراد به الهوى والتشهي، وإنما هو الرأي المبني على الدليل أو القرائن أو متابعة الأصول العامة للشريعة. وقد توسع في الأخذ بالرأي والقياس في غير الحدود والكفارات والتقديرات الشرعية، بسبب أنه أقل من غيره من الأئمة في رواية الحديث لتقدم عهده على عهد بقية الأئمة، ولتشدده في رواية الحديث بسبب تفشي الكذب في العراق في زمانه وكثرة الفتن. | ||
| 650 | 7 |
_aالفقه الحنفي _2aucsh |
|
| 650 | 7 |
_aأصول الفقه الإسلامي _2aucsh |
|
| 830 | 0 |
_aسلسلة رسائل جامعية (دار الشؤون الثقافية العامة) _v90 |
|
| 942 |
_2ddc _cBOOK _n0 |
||
| 949 |
_aSA-JeALM _d250321 _ueid123 _n1 |
||
| 999 |
_c6536 _d6536 |
||